[Event "19th Prague Open-A 2020"]
[Site "Prague"]
[Date "2020.01.16"]
[Round "8.11"]
[White "Kozak, Antoni"]
[Black "Kakushadze, Ilia"]
[Result "1-0"]
[WhiteElo "2380"]
[BlackElo "2149"]
[Annotator "TA"]
[PlyCount "67"]
[EventDate "2020.01.10"]
[EventType "swiss"]
[EventCountry "CZE"]
[SourceTitle "playchess.com"]
[Source "ChessBase"]
[SourceQuality "1"]

{[%evp 12,67,24,21,39,43,35,40,28,27,39,41,28,24,46,-5,6,-60,-59,-58,-50,-97,-93,-95,-109,-116,-52,-61,0,-33,0,0,0,0,0,0,0,0,0,0,0,0,0,0,0,0,185,174,193,178,271,258,257,263,398,370,591,584]} 1. c4 e5 2. Nc3 Nf6 3. Nf3 Nc6 4. e3 Bb4 5. Qc2 O-O 6. Nd5 a5 7. a3 Bc5 {A28: English Opening: Four Knights Variation} 8. Ng5 {White threatens Nxf6+ and mate.} g6 9. Nxf6+ Qxf6 {White is slightly better.} 10. Ne4 Qe7 11. b3 d6 12. Bb2 Nd8 $146 ({Predecessor:} 12... Ba7 13. h4 Nd8 14. O-O-O {½-½ (31) Demuth,A (2548)-Sengupta,D (2594) Teplice 2017}) 13. O-O-O (13. h4 $14) 13... Bf5 $11 14. Bd3 (14. d3 $11) 14... Bxe4 $1 $15 15. Bxe4 d5 $1 {[%cal Rd5e4]} 16. Bxd5 Bxa3 17. Bxa3 Qxa3+ 18. Qb2 Qb4 (18... Qd6 $17 19. d4 exd4 20. Qxd4 Qe7) 19. Qc3 Qa3+ ({Black should play} 19... Qd6 $15) 20. Kc2 c6 21. c5 $36 {[%mdl 2048] Ra1 is the strong threat. White is more active.} cxd5 22. Ra1 {[#]} d4 $1 {[%cal Rd4c3]} 23. Qc4 {[#]} (23. exd4 exd4) 23... b5 $1 24. Qxb5 Rb8 $1 (24... d3+ $2 25. Kb1 $18) 25. Qxb8 (25. Rxa3 $2 {too greedy.} Rxb5 26. Rc1 Rxc5+ 27. Kd1 Rxc1+ 28. Kxc1 Nc6 $19) 25... Qxc5+ 26. Kb2 $1 {Black must now prevent Rac1.} Nc6 27. Qc7 Rb8 {Strongly threatening ...Qb4!} 28. Rhc1 Qb5 $2 (28... Rxb3+ $1 $11 29. Kxb3 Qb4+ 30. Ka2 Qa4+ 31. Kb2 Qb4+ 32. Kc2 Qc4+ 33. Kd1 (33. Kb2 Qb4+ 34. Kc2 Qc4+ 35. Kd1 Qf1+ {[%mdl 64] Double Attack} 36. Kc2 Qc4+ $11) 33... Qf1+ {[%mdl 64] Double Attack} 34. Kc2 Qc4+ 35. Kb2 Qb4+ 36. Kc2 Qc4+) 29. Ra3 $18 Nb4 {[#]} 30. Rc4 $1 a4 (30... dxe3 {was necessary.} 31. fxe3 Rb6) 31. Kb1 dxe3 32. fxe3 ({Don't blunder} 32. bxa4 $2 Qe8 $19) 32... Nd3 (32... Nd5 {keeps fighting.} 33. Qc6 Qxc6 34. Rxc6 axb3) 33. Rcxa4 Nc5 {[#]} (33... Rb7 $142 34. Qc3 Rb6) 34. Qxb8+ $1 {[%mdl 512] Accuracy: White = 74%, Black = 64%.} 1-0

[Event "19th Prague Open-A 2020"]
[Site "Prague"]
[Date "2020.01.16"]
[Round "8.12"]
[White "Malovanyi, Yulian"]
[Black "Foo, William J"]
[Result "1-0"]
[WhiteElo "2360"]
[BlackElo "2186"]
[Annotator "TA"]
[PlyCount "53"]
[EventDate "2020.01.10"]
[EventType "swiss"]
[EventCountry "CZE"]
[SourceTitle "playchess.com"]
[Source "ChessBase"]
[SourceQuality "1"]

{[%evp 9,53,13,7,-4,35,24,54,50,69,67,64,55,116,103,127,94,81,87,147,136,195,190,195,198,181,198,191,191,198,195,207,214,216,209,273,279,270,276,271,266,310,312,781,786,781,758]} 1. e4 c6 2. d4 d5 3. e5 c5 4. dxc5 e6 5. a3 Bxc5 6. Nf3 {B12: Caro-Kann: Advance Variation} (6. Qg4 Ne7 7. Bd3 O-O 8. Nf3 f5 9. exf6 Rxf6 10. Qh4 h6 11. O-O Nbc6 12. c4 Qf8 {1-0 (32) Karjakin,S (2754)-Wei,Y (2725) Jerusalem 2019}) 6... Qb6 (6... Ne7 {is more complex.} 7. b4 Bb6 8. Bb2 a5 9. Nbd2 axb4 10. axb4 Rxa1 11. Qxa1 O-O) 7. Qd2 a5 8. Nc3 {White is slightly better.} Bd7 9. Bd3 Ne7 10. O-O Bc6 $146 (10... Qd8 $14) ({Predecessor:} 10... Ng6 11. b3 Bc6 12. Bb2 O-O {0-1 (27) Kacakovski,D (2133)-Jovic,S (2310) Ohrid 2016}) 11. Qg5 $16 Nd7 12. Bd2 {Black must now prevent b4.} Ng6 13. h4 Bd4 {[#]} (13... Be7 $142 14. Qg3 d4) 14. Rae1 $1 O-O {[#]} (14... Nc5 $16) 15. Qg3 $1 $18 Rae8 16. h5 Ngxe5 17. Nxe5 Nxe5 18. Rxe5 $40 {[%mdl 128] Black is in trouble.} Bxe5 19. Qxe5 f6 20. Qd6 Rf7 21. h6 g6 22. Na4 Qd4 23. Nc5 Qxb2 24. Nxe6 ({Resist} 24. Bxa5 $6 Qe5 $16) 24... Rd7 25. Qg3 {Threatens to win with Bxg6!} Rxe6 $2 (25... Qe5) 26. Qb8+ Kf7 27. Qh8 {[%mdl 64] Decoy. Accuracy: White = 91%, Black = 35%.} 1-0

[Event "19th Prague Open-A 2020"]
[Site "Prague"]
[Date "2020.01.16"]
[Round "8.13"]
[White "Mis, Mieszko"]
[Black "Sharma Isha"]
[Result "0-1"]
[WhiteElo "2349"]
[BlackElo "2169"]
[Annotator "TA"]
[PlyCount "140"]
[EventDate "2020.01.10"]
[EventType "swiss"]
[EventCountry "CZE"]
[SourceTitle "playchess.com"]
[Source "ChessBase"]
[SourceQuality "1"]

{[%evp 14,140,0,0,6,20,12,0,63,64,63,35,96,95,97,29,46,0,93,12,37,37,39,8,26,3,0,0,16,0,29,29,29,31,27,30,27,53,55,39,65,11,12,16,14,18,41,31,37,33,46,33,58,50,46,47,47,23,41,31,48,1,122,128,290,291,294,280,228,118,115,123,123,0,0,0,150,158,152,154,162,174,164,169,169,165,172,169,175,170,170,168,176,-12837,-12839,-12839,-12840,-12841,-12841,-12841,-12839,-12840,-12840,-12841,-12841,-12841,-12842,-12842,-12843,-12843,-12843,-12844,-12844,-12845,-12845,-12845,-12846,-12846,-12847,-12847,-12847,-12849,-12847,-12848,-12848,-12849,-12849,-12850,-12850]} 1. d4 d6 2. Nf3 Nf6 3. g3 g6 4. Bg2 Bg7 5. O-O O-O 6. b3 e5 7. dxe5 dxe5 8. Ba3 Qxd1 {A49: 1 d4 Nf6 2 Nf3 g6 3 g3: Anti-King's Indian systems} 9. Rxd1 Re8 10. Nc3 c6 (10... e4 $11 11. Nd4 a6) 11. Nd2 $14 Be6 $146 ({Predecessor:} 11... Bf8 12. Bb2 Nbd7 13. Nc4 Nc5 14. a3 Be6 15. Nxe5 Bxb3 16. cxb3 Rxe5 {1-0 (46) Meier,G (2654)-Adhiban,B (2674) Berlin 2015}) 12. Nde4 {And now Nd6 would win.} Na6 (12... Nbd7 $14) 13. Nd6 $1 $16 Re7 14. Nc4 (14. Nxb7 $16 Rxb7 15. Bxc6) 14... Ree8 15. Nd6 ({Much weaker is} 15. Nxe5 Ng4 $15) 15... Reb8 (15... Re7 $1 $11) 16. Rd3 (16. Nxb7 $16 Rxb7 17. Bxc6) 16... Bf8 17. Rad1 Rd8 18. b4 Bxd6 19. Rxd6 Rxd6 20. Rxd6 Nc7 21. Bb2 Nfd5 (21... a5 {with more complications.} 22. b5 cxb5 23. a3 Rb8 24. Nd1 Nd7) 22. Nxd5 {[%mdl 64] Discovered Attack} cxd5 23. Bxe5 Ne8 24. Rxd5 Bxd5 25. Bxd5 $11 {[%mdl 4096] Endgame KRN-KB} Rc8 26. c4 b6 27. Kg2 (27. e4 $14) 27... Kf8 $1 28. Kf3 Ke7 29. Ke3 f6 30. Bb2 (30. Bc3 {looks sharper.} Nc7 31. Bc6 Ne6 32. b5 f5 33. Bd5) 30... Nc7 31. Be4 Ke6 32. Bd4 Rb8 33. Kd3 Ke7 34. Kc3 Ne6 35. e3 Rc8 36. a4 Rb8 37. Bd5 Nc7 (37... Nxd4 $11 38. exd4 Kd7) 38. e4 $1 $16 a5 $2 (38... g5 $16 {is a better defense.} 39. c5 b5) 39. b5 $1 $18 Ne6 40. Bxe6 $1 Kxe6 {KR-KB} 41. c5 (41. f4 $18) 41... bxc5 $16 42. Bxc5 f5 {[#]} 43. Kc4 (43. f3 $1 $16) 43... fxe4 $11 44. b6 {aiming for Be3.} Kd7 (44... Rc8 $1 $11) 45. Kb5 $16 Re8 46. Be3 ({And not} 46. Kxa5 Kc6 $11) 46... Kc8 47. Kxa5 {Threatens to win with Ka6.} Kb7 {[#]} 48. Kb5 $1 Ra8 49. a5 Ra6 50. Bf4 Ra8 51. Be5 Ra6 52. Bb8 Ra8 53. Ba7 $4 {[%mdl 8192]} (53. Bd6 $18) 53... Rf8 $19 {Black is clearly winning.} 54. a6+ Ka8 55. Kc4 Rxf2 56. Kd4 Re2 57. h3 e3 58. g4 g5 59. Kd3 Re1 60. Ke4 e2 61. Ke3 Rh1 62. Kxe2 Rxh3 63. Kf2 Ra3 64. Kg2 Rxa6 65. Kf3 Ra4 66. Kg3 Ra3+ 67. Kf2 Kb7 68. Kg2 {[#]} h5 $1 69. gxh5 g4 {( -> ...Rh3)} 70. h6 Rh3 {Accuracy: White = 54%, Black = 54%.} 0-1

[Event "19th Prague Open-A 2020"]
[Site "Prague"]
[Date "2020.01.16"]
[Round "8.14"]
[White "Wiley, Tom E"]
[Black "Priehoda, Vitezslav"]
[Result "0-1"]
[WhiteElo "2170"]
[BlackElo "2341"]
[Annotator "TA"]
[PlyCount "188"]
[EventDate "2020.01.10"]
[EventType "swiss"]
[EventCountry "CZE"]
[SourceTitle "playchess.com"]
[Source "ChessBase"]
[SourceQuality "1"]

{[%evp 14,188,39,12,31,49,31,0,0,0,0,0,0,0,0,0,0,0,8,8,13,-21,-16,0,0,0,-16,0,0,-2,-5,-29,-19,-20,-11,-37,-41,-42,-34,-50,0,-56,0,-69,-33,-80,0,-124,0,-35,-35,-40,-46,-43,-48,-158,-171,-164,-97,-88,0,-156,-162,-184,-182,-173,-161,-219,-216,-211,-83,-78,-45,-37,-28,-87,-72,-124,0,-8,-22,-20,-26,-41,0,0,0,0,0,0,0,0,0,0,0,0,0,0,0,0,0,0,0,0,0,0,0,0,-8,-650,-605,-1132,-1000,-1437,-1348,-1006,-592,-6617,-3709,-7258,-6235,-1922,-1400,-29966,-12851,-29972,-29973,-29972,-7376,-29967,-29966,-29976,-29977,-29978,-29979,-5120,-584,-5097,-5106,-29968,-29974,-29972,-29975,-29975,-29976,-29983,-29981,-29978,-29969,-29994,-29983,-29983,-29983,-29983,-29984,-29983,-29986,-29986,-29987,-29987,-29978,-29988,-29989,-29988,-29987,-29987,0,-29988,-29989,-29989,-29986,-29988,-29989,-29989,-29989,-29989,-29990]} 1. d4 e6 2. c4 Nf6 3. Nc3 Bb4 4. e3 c5 5. Nge2 b6 6. a3 Ba5 7. Rb1 Na6 8. g3 Bb7 {E42: Nimzo-Indian: Rubinstein: 4...c5 5 Ne2.} 9. d5 $1 b5 10. Bg2 bxc4 {The position is equal.} 11. O-O O-O 12. e4 exd5 13. Nxd5 Nc7 14. Nxf6+ Qxf6 15. Qxd7 Rad8 16. Qa4 Qa6 {[#]} 17. Be3 $146 ({Predecessor:} 17. Nf4 Rfe8 18. Be3 Bc6 19. Qc2 Bb6 20. Rfc1 Ba4 21. Qe2 Ba5 22. b4 cxb3 23. Qxa6 Nxa6 {½-½ (57) Raffaele,E (2157)-Oliveira,D (2161) LSS email 2013}) 17... Bc6 18. Qc2 Ne6 {White should prevent ...Nd4.} 19. Rfd1 Rd3 20. Nf4 $1 {[%cal Rf4d3]} Nxf4 21. Bxf4 Bb6 {With the idea ...Ba4.} 22. Re1 Ba4 23. Qe2 Rfd8 24. e5 {Black must now prevent e6.} Ba5 25. Rec1 Qe6 26. h4 Bb5 27. Qh5 (27. Qe4 $11) 27... g6 (27... R8d4 $15) 28. Qh6 (28. Qg5 $1 $11) 28... R8d4 $15 29. Rc2 Qf5 (29... Bc6 $17 30. Bxc6 Rd1+ 31. Rxd1 Rxd1+ 32. Kg2 Qxc6+ 33. f3 Qd5) 30. Rcc1 (30. Kh2 $11 {keeps the balance.}) 30... Qe6 ({Better is} 30... Bd2 $17 31. Bxd2 Rxd2) 31. h5 Bd2 32. Bxd2 Rxd2 33. hxg6 hxg6 $40 {[%mdl 128] Black mounts an attack.} 34. Re1 (34. Qg5 $1 $15) 34... Qf5 $17 35. Qe3 R2d3 (35... Bd7 $19 36. a4 a5) 36. Qe2 Rd2 (36... Bd7 $142) 37. Qe3 Bd7 38. Bf1 Be6 $1 39. Bg2 R2d3 40. Qe2 (40. Qh6 {was worth a try.}) 40... Qg5 $19 41. Qf1 Qd8 (41... Qh5 $19 {and Black stays clearly on top.} 42. Re2 Kg7) 42. Bh3 $17 Qd7 (42... Rf4 $5 43. Bxe6 (43. gxf4 $2 {too greedy.} Bxh3 44. Qe2 Qh4 $19) 43... Rxg3+ 44. fxg3 Qd4+ 45. Kh2 Rxf1 46. Rxf1 fxe6 $17) 43. Bxe6 Qxe6 44. Qg2 (44. Rbc1 $11 {remains equal.}) 44... Kg7 45. Qb7 (45. Qf1 $142) 45... Qb6 (45... Rb3 $17 46. Qxa7 Qg4 $1 {[%mdl 512]}) 46. Qxb6 axb6 $11 {[%mdl 4096] Endgame KRR-KRR} 47. e6 fxe6 48. Rxe6 Rd1+ (48... Rb3 {seems wilder.} 49. Re7+ Kf6 50. Rbe1 Rd6 51. R7e4 Rxb2 52. Rf4+ Kg7) 49. Rxd1 Rxd1+ {KR-KR} 50. Kg2 Rb1 51. Re2 (51. Rxb6 $2 {[#]} c3 $1 $19 {[%mdl 512]}) 51... Kf6 52. f4 Rc1 53. g4 Rd1 54. Rc2 Ke6 55. Rxc4 Rd2+ 56. Kg3 Rxb2 57. Kh4 Kd5 58. Rc1 c4 59. Kg5 Rg2 60. a4 $1 Rg3 61. f5 $2 {[%mdl 8192]} (61. a5 $11 bxa5 62. Ra1) 61... gxf5 $19 62. Kxf5 Rf3+ 63. Kg6 Ra3 64. g5 Rxa4 65. Kf7 b5 66. g6 b4 67. Rd1+ Kc5 68. Re1 Ra2 69. g7 Rf2+ 70. Ke6 Rg2 71. Kf6 {[#]} Rxg7 $1 {[%mdl 512]} 72. Kxg7 {KR-KPP} b3 73. Kf6 c3 74. Re8 b2 (74... c2 $142 {Threatens to win with ...Kc4.} 75. Ke5 Kc4 76. Rc8+ Kd3 77. Rd8+ Kc3 78. Rc8+ Kb2) 75. Rb8 c2 76. Rxb2 c1=Q {KQ-KR} 77. Rf2 Qh6+ 78. Kf7 Qh5+ 79. Kf8 Kd6 80. Rf6+ Ke5 81. Rf7 Qh6+ 82. Ke7 Qd6+ 83. Ke8 Qb8+ ({Inferior is} 83... Ke6 84. Rf6+ Kxf6 $11) 84. Ke7 Qc8 85. Rg7 Qc7+ 86. Kf8 Qd8+ 87. Kf7 Kf5 88. Rh7 Qf6+ 89. Kg8 Qd8+ ({Not} 89... Kg6 90. Rh6+ Kxh6 $11) 90. Kf7 $1 Qd7+ {Black mates.} 91. Kg8 Qe8+ 92. Kg7 Kg5 93. Rh1 Qd7+ 94. Kf8 Qc8+ {Accuracy: White = 51%, Black = 82%.} 0-1

[Event "19th Prague Open-A 2020"]
[Site "Prague"]
[Date "2020.01.16"]
[Round "8.15"]
[White "Domogaev, Sergey"]
[Black "Ochedzan, Tymon"]
[Result "1/2-1/2"]
[WhiteElo "2334"]
[BlackElo "2140"]
[Annotator "TA"]
[PlyCount "129"]
[EventDate "2020.01.10"]
[EventType "swiss"]
[EventCountry "CZE"]
[SourceTitle "playchess.com"]
[Source "ChessBase"]
[SourceQuality "1"]

{[%evp 16,129,25,17,31,54,34,0,0,0,35,39,86,58,75,61,155,159,151,60,67,69,166,170,172,93,84,47,50,8,10,9,12,9,20,10,13,21,12,0,0,0,0,0,0,0,0,-4,10,-68,-72,-64,-73,-178,-167,-205,-200,-190,-85,-100,-63,-60,-20,-35,-8,-8,0,0,0,0,14,-58,-48,-77,-8,-14,-8,-13,0,-8,-8,-8,-8,-8,0,-55,-56,-57,0,0,0,0,0,0,0,0,0,0,0,0,0,0,0,0,0,0,0,0,0,0,0,0,0,0,0,0]} 1. d4 Nf6 2. c4 g6 3. Nc3 Bg7 4. e4 d6 5. h3 O-O 6. Be3 Na6 7. Nf3 e5 8. d5 Nc5 9. Qc2 a5 {E90: King's Indian: Classical: Early deviations and 6 h3} 10. g4 (10. O-O-O Nh5 11. g3 f5 12. Bxc5 dxc5 13. Be2 Nf6 14. Nd2 Ne8 15. exf5 gxf5 16. g4 Nd6 17. Rhg1 Kh8 18. gxf5 Bxf5 {0-1 (34) Paravyan,D (2634)-Grischuk,A (2771) St Petersburg 2018}) 10... c6 11. Bxc5 (11. O-O-O {is more complex.} cxd5 12. cxd5 a4 13. Kb1 Qa5 14. Nd2) 11... dxc5 12. Be2 $146 ({Predecessor:} 12. g5 Nh5 13. O-O-O a4 14. dxc6 Qa5 15. cxb7 Bxb7 {½-½ (82) Sidenko,A (2256)-Matic,D (2243) Chessfriend.com 2005}) 12... Ne8 13. O-O-O Qe7 14. Qd2 Bd7 15. Rhg1 f5 (15... Nf6 $14) 16. gxf5 gxf5 17. dxc6 ({Better is} 17. Ng5 $16) 17... Bxc6 $14 18. Ng5 fxe4 (18... Kh8 $1 $14) 19. Nd5 $18 ({Much less strong is} 19. Ngxe4 $6 Kh8 $14) 19... Bxd5 20. Qxd5+ (20. cxd5 $18 Rf6 21. Nxe4) 20... Kh8 $16 21. Qxe4 {[%csl Gg5][%cal Re4h7]} Bh6 22. Qe3 Nd6 23. Rd5 $1 {[%cal Rd5e5]} Rae8 24. h4 {White wants to play Bh5.} Nf5 25. Qxc5 Nxh4 26. Qxe7 $1 Rxe7 27. Kd1 (27. Kb1 {keeps more tension.} Rg7 28. Rxe5 Ng6 29. Re3 b6 30. Rh3) 27... Rxf2 28. Rxa5 Ng6 29. Ke1 Rf8 30. Rb5 Nf4 31. Ne4 Rd8 32. Rb6 ({White should play} 32. c5 $11) 32... Nd3+ $1 $15 33. Bxd3 Be3 {[%mdl 64] Double Attack} 34. Rh1 (34. c5 $17 Bxg1 35. Rd6) 34... Bxb6 $19 35. Ke2 {[#]} Bd4 $1 36. Ng5 Rdd7 (36... Rg8 $19 {is more deadly.} 37. Rh5 e4 38. Nxe4 Bxb2) 37. Bf5 Rc7 ({Much weaker is} 37... Bxb2 38. Bxd7 Rxd7 39. Ke3 $11) 38. b3 b6 39. Kf3 Ra7 40. a4 Rg7 41. Rh5 $1 Bb2 42. Ke4 Rae7 43. Ne6 (43. b4 $11) 43... Rg3 44. Ng5 {[#]} Rxb3 (44... Bc1 $1 $17 {[%cal Rc1g5]} 45. Nf3 Bf4) 45. Nxh7 $11 Rb4 46. Kd5 e4 47. Ng5+ Kg8 48. Be6+ Kf8 49. Nxe4 Rxa4 {...Ra5+ is the strong threat.} 50. Rh2 (50. Rf5+ $11 Kg7 51. Rf2) 50... Ra5+ $15 51. c5 Ba3 ({Black should try} 51... Bd4 $15 52. Kxd4 Rxe6 53. cxb6 Rxb6) 52. Rf2+ $11 {The position is equal.} Kg7 {[%cal Ra3c5] Strongly threatening ...Bxc5.} 53. Rg2+ Kh8 {[%cal Ra3c5]} 54. Rg8+ Kh7 {And now ...Rxe6! would win.} 55. Nf6+ Kh6 56. Ng4+ Kh5 (56... Kh7 $5 57. Nf6+ $8 Kh6 58. Ng4+ Kh7 59. Nf6+ $11) 57. Nf6+ Kh4 (57... Kh6 $5 58. Ng4+ $8 Kh5 59. Nf6+ Kh6 $11) 58. Rg4+ Kh3 59. Rg7+ {[#]} Rxe6 $1 {[%mdl 512]} 60. Kxe6 {Threatens to win with c6.} Bxc5 {KRB-KRN} 61. Nd5 Ra8 62. Rb7 Rh8 63. Kd7 Rh6 {Hoping for ...Rd6+.} 64. Kc7 Kg4 65. Nxb6 {Accuracy: White = 52%, Black = 46%.} 1/2-1/2

[Event "19th Prague Open-A 2020"]
[Site "Prague"]
[Date "2020.01.16"]
[Round "8.16"]
[White "Shehzad, Shazil"]
[Black "Strebkovs, Andrejs"]
[Result "0-1"]
[WhiteElo "2162"]
[BlackElo "2278"]
[Annotator "TA"]
[PlyCount "108"]
[EventDate "2020.01.10"]
[EventType "swiss"]
[EventCountry "CZE"]
[SourceTitle "playchess.com"]
[Source "ChessBase"]
[SourceQuality "1"]

{[%evp 10,108,58,42,55,52,56,54,56,56,56,39,54,54,66,59,67,64,67,68,67,67,72,67,69,64,83,79,90,81,64,33,28,29,41,39,42,0,120,127,115,117,112,111,238,245,243,242,206,52,60,53,58,59,52,58,58,65,77,66,61,40,43,0,0,-95,-75,-200,-191,-198,-193,-262,-268,-365,-356,-412,-427,-400,-345,-333,0,-418,-365,-445,-450,-472,-480,-483,-432,-456,-426,-629,-649,-1053,-797,-1083,-784,-762,-747,-695,-681]} 1. e4 d6 2. d4 g6 3. Nc3 c6 4. f4 d5 5. e5 h5 6. Nf3 Nh6 {B06: Modern Defence} 7. Be3 Bg4 8. h3 Nf5 {White is slightly better.} 9. Bf2 Bxf3 $1 10. Qxf3 h4 11. Bd3 e6 12. O-O Nd7 13. Ne2 {[#]} Be7 $146 ({Predecessor:} 13... a5 14. b3 Ba3 15. c4 {0-1 (51) Lopez,B (2407)-Ehlvest,J (2603) ICC INT 2008}) 14. b3 Kf8 15. c4 a5 16. Rab1 Kg7 17. Rfc1 Qb8 18. Kh2 Nb6 19. Bxf5 gxf5 20. g4 {[#] aiming for Rg1.} hxg3+ $1 21. Qxg3+ Kf8 22. Rg1 $36 {[%mdl 2048] White has the initiative.} Ke8 23. Nc3 Kd7 (23... Qd8 $11) 24. c5 $16 Nc8 25. Qg7 Rf8 26. Na4 Ra6 (26... Qc7 $16) 27. Bh4 $18 Ke8 28. Bxe7 Nxe7 29. Nb6 $2 ({White should play} 29. h4 $18) 29... Qd8 30. Rbd1 Rxb6 31. cxb6 Qxb6 32. Qg3 Ng6 33. Qf2 Rh8 34. Rd3 Qd8 35. Rg5 Kd7 36. Qg3 Qf8 37. Kg1 (37. Rf3 $11 {remains equal.}) 37... Qa3 $17 {...Qc1+ is the strong threat.} 38. Rd1 (38. Rf3 $17) 38... Qxa2 $19 39. Qe3 {[#]} Qc2 $1 {[%cal Rc2d1]} 40. Re1 (40. Rf1 {was called for.}) 40... Qe4 41. Qxe4 dxe4 {[%mdl 4096] Endgame KRR-KRN} 42. Rg3 Nxf4 43. Kh2 Nd5 44. Reg1 Nf4 45. Re1 $1 Ng6 46. Rg2 Kc7 {Black is clearly winning.} ({Don't do} 46... Nh4 47. Rf2 $19) 47. Ra2 Rd8 48. Ra4 b6 49. Kg3 Rg8 50. Kh2 (50. Kf2 $142 Nf4 51. Re3) 50... Nh4 {White must now prevent ...Nf3+.} 51. Rd1 Rg2+ 52. Kh1 Rb2 {( -> ...Nf3)} 53. Rda1 Rxb3 54. R4a3 Rb4 {Accuracy: White = 48%, Black = 64%.} 0-1

[Event "19th Prague Open-A 2020"]
[Site "Prague"]
[Date "2020.01.17"]
[Round "9.1"]
[White "Low, Zhen Yu Cyrus"]
[Black "Quesada Perez, Luis Ernesto"]
[Result "1/2-1/2"]
[WhiteElo "2415"]
[BlackElo "2491"]
[Annotator "TA"]
[PlyCount "46"]
[EventDate "2020.01.10"]
[EventType "swiss"]
[EventCountry "CZE"]
[SourceTitle "playchess.com"]
[Source "ChessBase"]
[SourceQuality "1"]

{[%evp 18,46,-4,0,15,15,10,8,7,7,15,5,10,0,0,9,9,0,0,0,0,0,0,0,0,0,0,0,0,0,0]} 1. e4 e6 2. d4 d5 3. Nc3 Nf6 4. e5 Nfd7 5. f4 c5 6. Nf3 Nc6 7. Be3 a6 8. Qd2 b5 9. Be2 Qb6 10. Nd1 {The position is equal.} cxd4 {C11: French: Classical System: 4 e5 and 4 Bg5 dxe4} 11. Nxd4 Nxd4 12. Bxd4 Bc5 13. c3 b4 14. O-O a5 15. Kh1 O-O 16. Ne3 f6 17. exf6 Nxf6 {[#]} 18. Ng4 $146 ({Predecessor:} 18. Bf3 Ba6 19. Rfe1 Ne4 20. Bxe4 dxe4 21. Ng4 Bxd4 22. cxd4 Bd3 23. Nf2 Rad8 24. Nxe4 Rxd4 {½-½ (60) Ahmadinia,E (2195)-Mohajerin Esfahani,P (2334) Teheran 2005}) 18... Ne4 19. Qe3 $1 Ba6 20. Bxa6 Bxd4 21. cxd4 Qxa6 22. Nf2 Nxf2+ 23. Rxf2 Rac8 {Accuracy: White = 100%, Black = 100%.} 1/2-1/2

[Event "19th Prague Open-A 2020"]
[Site "Prague"]
[Date "2020.01.17"]
[Round "9.2"]
[White "Stankovic, Milos"]
[Black "Budnikov, Oleg"]
[Result "0-1"]
[WhiteElo "2466"]
[BlackElo "2432"]
[Annotator "TA"]
[PlyCount "102"]
[EventDate "2020.01.10"]
[EventType "swiss"]
[EventCountry "CZE"]
[SourceTitle "playchess.com"]
[Source "ChessBase"]
[SourceQuality "1"]

{[%evp 12,102,27,26,33,10,16,22,11,21,14,10,129,-6,-5,-14,-24,-17,-22,-21,-22,-37,0,0,0,0,0,-36,-7,-74,-62,-60,-49,-96,-96,-98,-90,-193,-187,-169,-82,-81,-89,-89,-77,-77,-87,-148,-104,-95,-27,-109,-92,-199,-105,-117,-114,-109,-115,-111,-59,-61,-65,-95,-97,-104,-100,-97,-97,-102,-102,-593,-593,-777,-772,-733,-742,-4133,-1229,-29984,-29985,-29985,-29986,-29986,-29987,-29990,-29988,-29988,-29989,-29989,-29990,-29990,-29991]} 1. e4 d6 2. d4 Nf6 3. Nc3 g6 4. Be3 Bg7 5. Nf3 c6 6. Bd3 O-O 7. Qd2 b5 {[%cal Bb7b5,Bb5b4][%mdl 32] B08: Pirc Defence: Classical System} 8. a4 b4 9. Ne2 a5 {The position is equal.} 10. Bh6 Bg4 11. Ng3 Qb6 $146 (11... Nbd7 $11) ({Predecessor:} 11... Nbd7 12. h4 e5 13. dxe5 dxe5 14. h5 Bxf3 15. gxf3 Bxh6 16. Qxh6 Kh8 17. hxg6 fxg6 18. Qxg6 {1-0 (24) Ni,H (2611)-Rahman,Z (2535) Kolkata 2004}) 12. Bxg7 (12. Nf5 $1 $16 Bxf5 13. exf5) 12... Kxg7 $11 13. Qg5 {Hoping for e5.} h6 14. Qe3 Nbd7 15. h3 Bxf3 $1 16. gxf3 e5 17. Rg1 {White threatens Nf5+! and mate.} Kh7 18. dxe5 dxe5 19. Bc4 Rad8 20. O-O-O (20. h4 $11 {remains equal.}) 20... Qc7 $1 $17 21. h4 {Black should prevent h5!} Nb6 22. Qb3 {Strongly threatening Rxd8.} Rd4 $1 {[%cal Rd4c4]} ({But not} 22... Nxc4 23. Qxc4 Qa7 24. Qe2 $11) 23. Rxd4 exd4 24. h5 (24. Ne2 $17 {is a better defense.}) 24... Nxh5 25. Nxh5 {And now Ng3 would win.} gxh5 (25... Qh2 $1 $19 {[%cal Rh2g1] is more deadly.} 26. Rd1 (26. Nf6+ Kg7 $17) 26... Qxh5) 26. Kb1 Qh2 27. Rd1 Kg7 ({Don't play} 27... Qxf2 $6 28. Bxf7 h4 29. Qe6 $1 $11 {[%mdl 512]}) 28. Rxd4 Qxf2 29. Qd3 ({Better is} 29. Rd1) 29... Nxa4 30. Qd1 Qg3 (30... Nb6 $17 31. Rd2 Qc5 32. Rg2+ Kf6) 31. f4 (31. Qd2 $11 {keeps the balance.} Nb6 32. Ba6) 31... Nb6 32. Bd3 (32. Ba6 $17 {keeps fighting.}) 32... Qxf4 (32... Re8 $19 33. Be2 Qxf4 34. Bxh5 Re5) 33. Qxh5 Qg5 34. Qh2 {[#]} Re8 $1 35. Rd6 a4 (35... Na4 $17 36. Rxc6 Nc5) 36. Qf2 $15 Qe5 37. Qg1+ {[#]} Kf8 $1 38. Rxc6 a3 {[%csl Ga3][%cal Re5b2]} 39. Qc1 Na4 $40 {[%cal Ra4b2][%mdl 128] Black is out for blood.} 40. Qxh6+ Ke7 {[%csl Ga3,Ga4][%cal Re5b2]} 41. c3 $2 {[%mdl 8192]} (41. Qh4+ $17 {was the crucial defense.} Kd7 42. Qf6 Nxb2 43. Bb5 Qxf6 44. Rxf6+ Ke7 45. Rf5) 41... Rh8 $19 42. Qe3 {Black must now prevent Qa7+.} Rh1+ 43. Ka2 axb2 44. Kb3 Nxc3 (44... bxc3 $142 45. Qa7+ Kf8) 45. Rc5 b1=Q+ {Black mates.} 46. Bxb1 Rxb1+ 47. Kc2 Qh2+ 48. Kd3 Rd1+ 49. Kc4 Qa2+ 50. Kxb4 Qa4+ 51. Kxc3 Qa3+ {Accuracy: White = 28%, Black = 49%.} 0-1